Dynamic earth : an introduction to physical geology
Αποθηκεύτηκε σε:
| Κύριος συγγραφέας: | |
|---|---|
| Άλλοι συγγραφείς: | , |
| Μορφή: | Βιβλίο |
| Γλώσσα: | English |
| Δημοσίευση: |
Hoboken, NJ :
J. Wiley & Sons,
2004
|
| Έκδοση: | 5th ed. |
| Θέματα: | |
| Ετικέτες: |
Προσθήκη ετικέτας
Δεν υπάρχουν, Καταχωρήστε ετικέτα πρώτοι!
|
MARC
| LEADER | 00000nam a2200000 i 4500 | ||
|---|---|---|---|
| 001 | 1/48337 | ||
| 008 | 070717s2004 eng d | ||
| 020 | |a 0-471-15228-5 (pbk.) | ||
| 020 | |a 0-471-44728-5 (cdrom) | ||
| 035 | |l 10088887 | ||
| 040 | |a GR-MY-UA |b gre |e aacr | ||
| 041 | 0 | |a eng | |
| 082 | 0 | |a 550 |2 (22) | |
| 100 | 1 | |a Skinner, Brian J. |d 1928- | |
| 245 | 1 | 0 | |a Dynamic earth : |b an introduction to physical geology / |c Brian J. Skinner, Stephen C. Porter, Jeffrey Park |
| 250 | |a 5th ed. | ||
| 260 | |a Hoboken, NJ : |b J. Wiley & Sons, |c 2004 | ||
| 300 | |a 650 σ. με ποικίλες σελιδαριθμήσεις; |b έγχρ. εικ., έγχρ. χάρτες; |c 28 εκ.+ |e 1 οπτική δισκέτα λέιζες Η/Υ (4 3/4 ιν.) | ||
| 504 | |a Περιέχει βιβλιογραφία (σ. R1-R4) και ευρετήριο | ||
| 650 | 0 | 0 | |a Physical geology. |
| 700 | 1 | |a Porter, Stephen C. | |
| 700 | 0 | |a Park, Jeffrey |q (Jeffrey John) | |
| 852 | |a INST |b LESVOS |e 20070717 |h 550 SKI |p 005100041383 |q 005100041383 |t BK |y 0 | ||
| 852 | |a INST |b LESVOS |e 20070717 |h 550 SKI |p 005100041384 |q 005100041384 |t BK |y 0 | ||
| 901 | |a BIBL1-2007-2 | ||
| 909 | |a Λ |b 135742 | ||
| 909 | |a Λ |b 132683 | ||
| 922 | |a 1ΕΛΗ |b 200706 |c ΕΠΕΑΕΚ2/ΤΕΘ |d ΠΑΠΑΣΩΤΗΡΙΟΥ | ||
| 970 | |a ΚΑΡΑ |b ΓΙΑΣΕΜΗ |z 2007/07/17 | ||